[Event "POR-ch U18"]
[Site "Luso"]
[Date "2018.03.28"]
[Round "7"]
[White "Silva, Ana Ines Teixeira D"]
[Black "Fonseca, Eurico Santos"]
[Result "0-1"]
[WhiteElo "1867"]
[BlackElo "1586"]
[PlyCount "154"]
[EventDate "2018.03.24"]
[EventType "swiss"]
[EventRounds "7"]
[EventCountry "POR"]
[SourceTitle "EXT 2019"]
[Source "ChessBase"]
[SourceDate "2018.10.10"]
[SourceVersion "1"]
[SourceVersionDate "2018.10.10"]
[SourceQuality "1"]

1. e4 e5 2. Nf3 Nf6 3. Nxe5 d6 4. Nf3 Nxe4 5. c4 Be7 6. d3 Nf6 7. d4 c5 8. Nc3 Bg4 9. Be2 0-0 10. 0-0 a6 11. Bf4 Nbd7 12. d5 Qa5 13. Re1 Rfe8 14. Bd2 Qc7 15. b3 Bf8 16. Qc2 g6 17. Nh4 Bxe2 18. Nxe2 Re4 19. Nf3 b5 20. Ng3 Rxe1+ 21. Rxe1 bxc4 22. bxc4 Rb8 23. Bc3 Re8 24. Rxe8 Nxe8 25. h4 Bg7 26. Ne4 Qb7 27. Bxg7 Kxg7 28. Kh2 Qb4 29. Qe2 Ndf6 30. g3 h6 31. Qc2 Nxe4 32. Qxe4 Nf6 33. Qe2 Qc3 34. Kg2 a5 35. Ne1 a4 36. Kg1 a3 37. Kf1 Qc1 38. Qc2 Qb2 39. Ke2 Ne4 40. Kd1 Nxf2+ 41. Ke2 Ne4 42. Kf3 Qxc2 43. Nxc2 Nd2+ 44. Ke2 Nxc4 45. Kd3 Nb6 46. Nxa3 Nxd5 47. Nc4 Nb4+ 48. Kc3 d5 49. Nb6 Nxa2+ 50. Kb3 Nb4 51. Nd7 Na6 52. Nb6 d4 53. Nd5 Nb8 54. Kc4 Nd7 55. Kb5 d3 56. Kc6 Nf6 57. Ne3 Ne4 58. g4 Nf2 59. Nc4 Nxg4 60. Kxc5 Nf2 61. Kd4 Kf6 62. Ke3 Ng4+ 63. Kxd3 Ne5+ 64. Nxe5 Kxe5 65. Ke3 g5 66. h5 g4 67. Kf2 Kf4 68. Kg2 g3 69. Kg1 Kg4 70. Kg2 f5 71. Kg1 f4 72. Kg2 f3+ 73. Kh1 Kxh5 74. Kg1 Kh4 75. Kh1 Kh3 76. Kg1 g2 77. Kf2 Kh2 0-1

[Event "POR-ch U18"]
[Site "Luso"]
[Date "2018.03.27"]
[Round "6"]
[White "Fonseca, Eurico Santos"]
[Black "Dias, Ricardo Pedro Cruz"]
[Result "0-1"]
[WhiteElo "1586"]
[BlackElo "2117"]
[PlyCount "98"]
[EventDate "2018.03.24"]
[EventType "swiss"]
[EventRounds "7"]
[EventCountry "POR"]
[SourceTitle "EXT 2019"]
[Source "ChessBase"]
[SourceDate "2018.10.10"]
[SourceVersion "1"]
[SourceVersionDate "2018.10.10"]
[SourceQuality "1"]

1. e4 e5 2. Nf3 Nc6 3. Bc4 Bc5 4. c3 Nf6 5. d4 exd4 6. cxd4 Bb4+ 7. Bd2 Bxd2+ 8. Nbxd2 d5 9. exd5 Nxd5 10. 0-0 0-0 11. Re1 Bg4 12. Qc2 Bh5 13. Qf5 Bxf3 14. Nxf3 Nde7 15. Qe4 Ng6 16. Ne5 Qxd4 17. Nxc6 Qxe4 18. Rxe4 bxc6 19. f4 Rfe8 20. Rae1 Rxe4 21. Rxe4 Kf8 22. g3 Ne7 23. Rd4 Ke8 24. g4 Nc8 25. Kf2 Nd6 26. Bd3 Rb8 27. b3 c5 28. Ra4 Rb4 29. Rxa7 Rxf4+ 30. Kg3 Rd4 31. Bxh7 g6 32. Rxc7 Ne4+ 33. Kg2 Nf6 34. Bxg6 Rxg4+ 35. Kf3 Rxg6 36. Rxc5 Rh6 37. Rc6 Ke7 38. Kg2 Rh8 39. Ra6 Nd5 40. Ra5 Ke6 41. a3 Ke5 42. Ra7 f5 43. b4 Ke4 44. b5 f4 45. Rf7 Ne3+ 46. Kh1 Rc8 47. h4 Kf3 48. Rg7 Ng4 49. Rxg4 Kxg4 0-1

[Event "POR-ch U18"]
[Site "Luso"]
[Date "2018.03.26"]
[Round "4"]
[White "Santos, Pedro Andre Simoes"]
[Black "Fonseca, Eurico Santos"]
[Result "1/2-1/2"]
[WhiteElo "1520"]
[BlackElo "1586"]
[PlyCount "73"]
[EventDate "2018.03.24"]
[EventType "swiss"]
[EventRounds "7"]
[EventCountry "POR"]
[SourceTitle "EXT 2019"]
[Source "ChessBase"]
[SourceDate "2018.10.10"]
[SourceVersion "1"]
[SourceVersionDate "2018.10.10"]
[SourceQuality "1"]

1. f4 d5 2. Nf3 c5 3. e3 Nf6 4. Bb5+ Bd7 5. Bxd7+ Qxd7 6. b3 g6 7. Bb2 Bg7 8. Ne5 Qc7 9. Nc3 a6 10. Ne2 Nc6 11. Nxc6 Qxc6 12. 0-0 0-0 13. Ng3 Rfd8 14. f5 Ne4 15. Bxg7 Nxg3 16. hxg3 Kxg7 17. Qg4 Qf6 18. fxg6 Qxg6 19. Rf4 e6 20. Qxg6+ hxg6 21. Raf1 f5 22. g4 Rh8 23. gxf5 gxf5 24. g4 Rag8 25. gxf5 Kf6+ 26. Kf2 e5 27. Rf3 Rh2+ 28. Ke1 Rgg2 29. R3f2 Rxf2 30. Rxf2 Rxf2 31. Kxf2 Kxf5 32. Kf3 b5 33. c3 a5 34. d4 c4 35. bxc4 e4+ 36. Kf2 bxc4 37. a4 1/2-1/2

[Event "POR-ch U18"]
[Site "Luso"]
[Date "2018.03.25"]
[Round "3"]
[White "Fonseca, Eurico Santos"]
[Black "Lima, Diogo Nunes"]
[Result "1-0"]
[WhiteElo "1586"]
[BlackElo "1187"]
[PlyCount "57"]
[EventDate "2018.03.24"]
[EventType "swiss"]
[EventRounds "7"]
[EventCountry "POR"]
[SourceTitle "EXT 2019"]
[Source "ChessBase"]
[SourceDate "2018.10.10"]
[SourceVersion "1"]
[SourceVersionDate "2018.10.10"]
[SourceQuality "1"]

1. d4 d5 2. c4 e6 3. Nc3 Be7 4. Nf3 Nf6 5. Bf4 0-0 6. e3 a6 7. Be2 dxc4 8. Bxc4 b5 9. Be2 c5 10. Rc1 Qb6 11. 0-0 Nc6 12. dxc5 Bxc5 13. Qb3 Bb7 14. Ne5 Nxe5 15. Bxe5 Bxe3 16. Na4 bxa4 17. Qxe3 Qxe3 18. fxe3 Nd5 19. e4 Ne7 20. Bd6 Ng6 21. Bxf8 Kxf8 22. Rc7 Bxe4 23. Rfxf7+ Ke8 24. Bf3 Bxf3 25. gxf3 Rd8 26. Rxg7 Rd1+ 27. Kf2 Rd2+ 28. Ke3 Rxh2 29. Rc8# 1-0

[Event "Leiria op 5th"]
[Site "Leiria"]
[Date "2017.07.16"]
[Round "4"]
[White "Arjona Casado, Abel"]
[Black "Fonseca, Eurico Santos"]
[Result "1-0"]
[WhiteElo "1828"]
[BlackElo "1537"]
[PlyCount "91"]
[EventDate "2017.07.14"]
[EventType "swiss"]
[EventRounds "5"]
[EventCountry "POR"]
[SourceTitle "EXT 2018"]
[Source "ChessBase"]
[SourceDate "2017.10.13"]
[SourceVersion "1"]
[SourceVersionDate "2017.10.13"]
[SourceQuality "1"]

1. e4 c5 2. Nf3 d6 3. d4 cxd4 4. Nxd4 Nf6 5. Nc3 a6 6. Be3 Nc6 7. f3 Nxd4 8. Qxd4 e5 9. Qd2 b5 10. g4 Be6 11. g5 Nd7 12. 0-0-0 Qa5 13. Kb1 Nb6 14. Bxb6 Qxb6 15. h4 Be7 16. h5 Rc8 17. Bh3 Rc5 18. g6 hxg6 19. Bxe6 fxe6 20. hxg6 Rxh1 21. Rxh1 Kd7 22. Nd1 a5 23. Rh7 Bf6 24. Nf2 b4 25. Ng4 Ke7 26. Qh6 Rc7 27. Rxg7+ Bxg7 28. Qxg7+ Kd8 29. Qh8+ Kd7 30. Qh1 Kc6 31. f4 exf4 32. e5+ d5 33. b3 Rg7 34. Qh6 Qa7 35. Kb2 f3 36. Qh8 Rxg6 37. Qe8+ Qd7 38. Qxg6 Kb5 39. Qd3+ Kc5 40. Qxf3 Qg7 41. Qe3+ d4 42. Qe2 Kd5 43. Nf6+ Kc6 44. Qa6+ Kc5 45. Qd6+ Kb5 46. Qd7+ 1-0

[Event "POR-ch U16"]
[Site "Luso"]
[Date "2017.04.12"]
[Round "7"]
[White "Fonseca, Eurico Santos"]
[Black "Machado, Tiago Candido Leita"]
[Result "1-0"]
[WhiteElo "1596"]
[BlackElo "1292"]
[PlyCount "71"]
[EventDate "2017.04.08"]
[EventType "swiss"]
[EventRounds "7"]
[EventCountry "POR"]
[SourceTitle "EXT 2018"]
[Source "ChessBase"]
[SourceDate "2017.10.13"]
[SourceVersion "1"]
[SourceVersionDate "2017.10.13"]
[SourceQuality "1"]

1. e4 e6 2. d4 d5 3. Nc3 c5 4. Nf3 Nc6 5. exd5 exd5 6. Be2 Nf6 7. Bg5 Be7 8. 0-0 cxd4 9. Nxd4 Qb6 10. Nb3 Be6 11. Be3 Qc7 12. Nd4 Bd6 13. h3 a6 14. Bf3 0-0 15. a3 Qd7 16. Bg5 Bxh3 17. Bxf6 gxf6 18. Nxd5 Kh8 19. Nxf6 Qd8 20. Nxc6 bxc6 21. Ne4 Bxg2 22. Bxg2 Be5 23. Qxd8 Raxd8 24. Rab1 f5 25. Nc5 Rg8 26. Nd3 Bc7 27. Kh1 Rg6 28. Rg1 Rdg8 29. Bh3 Rh6 30. Rxg8+ Kxg8 31. Kg2 Rg6+ 32. Kf3 Rf6 33. Rg1+ Kf7 34. Rg5 Ke6 35. Nc5+ Ke5 36. Nd7+ 1-0

[Event "POR-ch U16"]
[Site "Luso"]
[Date "2017.04.08"]
[Round "1"]
[White "Fonseca, Eurico Santos"]
[Black "Ribeiro, Andre Amorim"]
[Result "0-1"]
[WhiteElo "1596"]
[BlackElo "1283"]
[PlyCount "166"]
[EventDate "2017.04.08"]
[EventType "swiss"]
[EventRounds "7"]
[EventCountry "POR"]
[SourceTitle "EXT 2018"]
[Source "ChessBase"]
[SourceDate "2017.10.13"]
[SourceVersion "1"]
[SourceVersionDate "2017.10.13"]
[SourceQuality "1"]

1. d4 Nf6 2. c4 c5 3. Nf3 g6 4. Bg5 Bg7 5. Nc3 0-0 6. e3 d6 7. Bd3 Bd7 8. a3 a5 9. 0-0 Na6 10. Re1 Nc7 11. Qc2 Rb8 12. a4 e6 13. Ne4 Bc6 14. dxc5 Bxe4 15. Bxe4 dxc5 16. Rad1 Qc8 17. Rd2 Nxe4 18. Qxe4 f6 19. Bh4 e5 20. Red1 Na6 21. Qd5+ Rf7 22. Qd6 b6 23. Qd8+ Rf8 24. Qxc8 Rbxc8 25. Rd6 Rb8 26. Ne1 g5 27. Bg3 Nb4 28. f4 gxf4 29. exf4 Bh6 30. f5 e4 31. Kf1 e3 32. Re6 Rbe8 33. Rdd6 Rxe6 34. fxe6 Re8 35. Rxb6 Kg7 36. Rb7+ Kg6 37. e7 Nc6 38. Bd6 Kf7 39. Bxc5 Nxe7 40. Bxe7 Rxe7 41. Rxe7+ Kxe7 42. Ke2 Kd6 43. Nc2 Kc5 44. b3 Bf8 45. Kxe3 Bd6 46. h4 h5 47. Ke4 Bg3 48. Kf5 Bxh4 49. Kg6 f5 50. Kxh5 Bg3 51. Kg5 f4 52. Kf5 Bh2 53. Ke6 Bg3 54. Kd7 Bh4 55. Kc7 Be7 56. Kd7 Bh4 57. Ke6 Bg3 58. Kf5 Bh2 59. Ke4 Bg3 60. Kd3 Bf2 61. Kc3 Bh4 62. Nd4 Bf6 63. b4+ axb4+ 64. Kb3 Bxd4 65. a5 Bc3 66. a6 Kb6 67. c5+ Kxa6 68. Kc4 Kb7 69. Kb3 Kc6 70. Kc4 Bd2 71. Kd3 Kxc5 72. Kxd2 Kc4 73. Kc2 b3+ 74. Kb2 Kb4 75. Kb1 Kc3 76. Kc1 b2+ 77. Kb1 Kd2 78. Kxb2 Ke2 79. Kc2 Kf2 80. Kd2 Kxg2 81. Ke1 f3 82. Kd2 f2 83. Ke3 f1Q 0-1

[Event "Coimbra Queima das Fitas op"]
[Site "Coimbra"]
[Date "2016.04.23"]
[Round "3"]
[White "Fonseca, Eurico Santos"]
[Black "Pintor, Simao Maciel Abranc"]
[Result "0-1"]
[WhiteElo "1644"]
[BlackElo "2000"]
[PlyCount "56"]
[EventDate "2016.04.22"]
[EventType "swiss"]
[EventRounds "7"]
[EventCountry "POR"]
[SourceTitle "EXT 2018"]
[Source "ChessBase"]
[SourceDate "2017.10.13"]
[SourceVersion "1"]
[SourceVersionDate "2017.10.13"]
[SourceQuality "1"]

1. d4 Nf6 2. c4 g6 3. Nf3 Bg7 4. g3 0-0 5. Bg2 d6 6. Nc3 c5 7. dxc5 dxc5 8. 0-0 Nc6 9. Re1 Be6 10. Be3 Qa5 11. Qa4 Qxa4 12. Nxa4 Nb4 13. Rec1 b6 14. Ng5 Bf5 15. Bxa8 Rxa8 16. Rd1 Bc2 17. a3 Bxa4 18. axb4 Bxd1 19. Rxd1 cxb4 20. Ra1 Ng4 21. Bxb6 Bxb2 22. Rxa7 Rxa7 23. Bxa7 Ne5 24. c5 Nc6 25. Bb6 Bc3 26. Ne4 f5 27. Nxc3 bxc3 28. Bc7 e5 0-1

[Event "Coimbra Queima das Fitas op"]
[Site "Coimbra"]
[Date "2015.05.01"]
[Round "3"]
[White "Fonseca, Eurico Santos"]
[Black "Antunes, Paulo Duarte Correi"]
[Result "1-0"]
[WhiteElo "1676"]
[BlackElo "1387"]
[PlyCount "63"]
[EventDate "2015.04.30"]
[EventType "swiss"]
[EventRounds "7"]
[EventCountry "POR"]
[SourceTitle "EXT 2018"]
[Source "ChessBase"]
[SourceDate "2017.10.13"]
[SourceVersion "1"]
[SourceVersionDate "2017.10.13"]
[SourceQuality "1"]

1. e4 c5 2. Nf3 e6 3. d4 cxd4 4. Nxd4 Nf6 5. Nc3 d6 6. Bg5 Be7 7. Ndb5 a6 8. Bxf6 gxf6 9. Nd4 e5 10. Nf5 Bxf5 11. exf5 Nc6 12. Bc4 h5 13. Qd5 Rh7 14. 0-0-0 Nb4 15. Qf3 Qc7 16. Bb3 Qc6 17. Ba4 b5 18. Nxb5 Qxf3 19. Nxd6+ Kf8 20. gxf3 Bxd6 21. Rxd6 Ke7 22. Rd7+ Kf8 23. a3 a5 24. axb4 axb4 25. b3 Rg7 26. Rb7 Rg5 27. Rxb4 Rxf5 28. Rh4 Ke7 29. f4 exf4 30. Re1+ Re5 31. Rd1 Ra7 32. Rxf4 1-0

[Event "Coimbra Queima das Fitas op"]
[Site "Coimbra"]
[Date "2015.04.30"]
[Round "1"]
[White "Vinagre, Raquel"]
[Black "Fonseca, Eurico Santos"]
[Result "0-1"]
[WhiteElo "1311"]
[BlackElo "1676"]
[PlyCount "30"]
[EventDate "2015.04.30"]
[EventType "swiss"]
[EventRounds "7"]
[EventCountry "POR"]
[SourceTitle "EXT 2018"]
[Source "ChessBase"]
[SourceDate "2017.10.13"]
[SourceVersion "1"]
[SourceVersionDate "2017.10.13"]
[SourceQuality "1"]

1. d4 Nf6 2. c4 e6 3. Nf3 d5 4. Nc3 c5 5. Bf4 Nc6 6. Nb5 Qa5+ 7. Qd2 Nb4 8. Na3 Ne4 9. Qc1 Nd3+ 10. Kd1 Nxc1 11. Kxc1 cxd4 12. Nxd4 Bxa3 13. bxa3 e5 14. Bd2 Qxd2+ 15. Kb1 Nc3# 0-1

[Event "Madeira AEJ op 11th"]
[Site "Sao Joao da Madeira"]
[Date "2014.10.12"]
[Round "7"]
[White "Pinho, Fernando Moreira"]
[Black "Fonseca, Eurico Santos"]
[Result "1-0"]
[WhiteElo "1887"]
[BlackElo "1478"]
[PlyCount "103"]
[EventDate "2014.10.04"]
[EventType "swiss"]
[EventRounds "7"]
[EventCountry "POR"]
[SourceTitle "EXT 2018"]
[Source "ChessBase"]
[SourceDate "2017.10.13"]
[SourceVersion "1"]
[SourceVersionDate "2017.10.13"]
[SourceQuality "1"]

1. d4 Nf6 2. Nf3 e6 3. Bf4 d5 4. e3 Nbd7 5. Bd3 Bd6 6. Ne5 c5 7. c3 Qc7 8. Nxd7 Bxd7 9. Bg3 c4 10. Bc2 0-0 11. Nd2 Bc6 12. Nf3 Rfe8 13. Ne5 Nd7 14. f4 f6 15. Qh5 Nf8 16. Nf3 Qf7 17. Qh3 Bd7 18. 0-0-0 e5 19. f5 Bc6 20. dxe5 Bxe5 21. Bxe5 fxe5 22. g4 b5 23. Qg3 Nd7 24. Rhg1 a5 25. Ng5 Qe7 26. Nxh7 b4 27. g5 bxc3 28. bxc3 Qa3+ 29. Kd2 Nc5 30. Nf6+ Kf8 31. Nxe8 Qxa2 32. Nd6 Nb3+ 33. Ke1 Qxc2 34. Qxe5 Nc1 35. Rxc1 Qxc1+ 36. Kf2 Qd2+ 37. Kg3 Qc2 38. f6 Qg6 39. fxg7+ Qxg7 40. Rf1+ Kg8 41. Qe6+ Kh8 42. Nf7+ Kh7 43. Qxc6 Rf8 44. Qxd5 Qxc3 45. Qf5+ Kg7 46. Qe6 a4 47. Qh6+ Kg8 48. Qg6+ Qg7 49. Nh6+ Kh8 50. Rxf8+ Qxf8 51. Nf7+ Qxf7 52. Qxf7 1-0

[Event "Madeira AEJ op 11th"]
[Site "Sao Joao da Madeira"]
[Date "2014.10.11"]
[Round "5"]
[White "Azevedo, Paulo Jorge"]
[Black "Fonseca, Eurico Santos"]
[Result "1-0"]
[WhiteElo "1853"]
[BlackElo "1478"]
[PlyCount "75"]
[EventDate "2014.10.04"]
[EventType "swiss"]
[EventRounds "7"]
[EventCountry "POR"]
[SourceTitle "EXT 2018"]
[Source "ChessBase"]
[SourceDate "2017.10.13"]
[SourceVersion "1"]
[SourceVersionDate "2017.10.13"]
[SourceQuality "1"]

1. e4 d5 2. exd5 Nf6 3. Nf3 Nxd5 4. d4 e6 5. c4 Nf6 6. Nc3 Nbd7 7. Be2 b6 8. 0-0 Bb7 9. Qa4 Be7 10. Ne5 0-0 11. Nc6 Bxc6 12. Qxc6 e5 13. Be3 exd4 14. Bxd4 Nc5 15. Nb5 a6 16. Nxc7 Rc8 17. Be5 Ne6 18. Nxe6 Rxc6 19. Nxd8 Rxd8 20. Rfd1 Re6 21. f4 Bc5+ 22. Kf1 Rde8 23. Bf3 h5 24. h3 g6 25. Rd3 Kh7 26. Rad1 Ng8 27. Bd5 R6e7 28. a3 a5 29. Bc3 Nh6 30. b4 Nf5 31. bxc5 Ne3+ 32. Rxe3 Rxe3 33. Bd4 Rxa3 34. cxb6 f5 35. b7 Rb3 36. Be5 a4 37. c5 Rb5 38. Bc6 1-0

[Event "Madeira AEJ op 11th"]
[Site "Sao Joao da Madeira"]
[Date "2014.10.04"]
[Round "1"]
[White "Rodrigues, Jose AA"]
[Black "Fonseca, Eurico Santos"]
[Result "1-0"]
[WhiteElo "2124"]
[BlackElo "1478"]
[PlyCount "35"]
[EventDate "2014.10.04"]
[EventType "swiss"]
[EventRounds "7"]
[EventCountry "POR"]
[SourceTitle "EXT 2018"]
[Source "ChessBase"]
[SourceDate "2017.10.13"]
[SourceVersion "1"]
[SourceVersionDate "2017.10.13"]
[SourceQuality "1"]

1. d4 d5 2. c4 Nf6 3. cxd5 Nxd5 4. e4 Nf6 5. Nc3 e6 6. Nf3 c5 7. Bg5 cxd4 8. Bb5+ Bd7 9. Nxd4 Be7 10. e5 Nd5 11. Bxe7 Nxe7 12. 0-0 Nbc6 13. Nxc6 Nxc6 14. Qh5 0-0 15. Rfd1 Qe7 16. Ne4 Rfd8 17. Rd3 Nb4 18. Nf6+ 1-0

[Event "POR-ch U14"]
[Site "Luso"]
[Date "2014.07.26"]
[Round "5"]
[White "Dias, Ricardo Pedro Cruz"]
[Black "Fonseca, Eurico Santos"]
[Result "0-1"]
[WhiteElo "1612"]
[BlackElo "1466"]
[PlyCount "22"]
[EventDate "2014.07.23"]
[EventType "swiss"]
[EventRounds "7"]
[EventCountry "POR"]
[SourceTitle "EXT 2015"]
[Source "ChessBase"]
[SourceDate "2014.11.20"]
[SourceVersion "1"]
[SourceVersionDate "2014.11.20"]
[SourceQuality "1"]

1. e4 e6 2. d4 d5 3. Nd2 Nf6 4. e5 Nfd7 5. Bd3 f6 6. Qh5+ Ke7 7. Ndf3 Qe8 8. Qh4 Kf7 9. exf6 Nxf6 10. Bg6+ hxg6 11. Qxh8 Bb4+ 0-1

[Event "POR-ch U14"]
[Site "Luso"]
[Date "2014.07.26"]
[Round "6"]
[White "Fonseca, Eurico Santos"]
[Black "Sousa, Hugo Carneiro"]
[Result "0-1"]
[WhiteElo "1466"]
[BlackElo "1581"]
[PlyCount "92"]
[EventDate "2014.07.23"]
[EventType "swiss"]
[EventRounds "7"]
[EventCountry "POR"]
[SourceTitle "EXT 2015"]
[Source "ChessBase"]
[SourceDate "2014.11.20"]
[SourceVersion "1"]
[SourceVersionDate "2014.11.20"]
[SourceQuality "1"]

1. d4 e6 2. e4 d5 3. exd5 exd5 4. Bd3 Nc6 5. Nf3 Bd6 6. Nc3 Nge7 7. h3 Be6 8. 0-0 Qd7 9. Nb5 f6 10. Nxd6+ Qxd6 11. c3 Bf5 12. Re1 Bxd3 13. Qxd3 0-0-0 14. Be3 g5 15. b4 Ng6 16. a4 Rdg8 17. a5 h5 18. b5 Nce7 19. c4 dxc4 20. Qxc4 g4 21. Nd2 gxh3 22. Ne4 Qd5 23. Rac1 Qxc4 24. Rxc4 f5 25. Nf6 Rg7 26. Rec1 hxg2 27. Rxc7+ Kb8 28. a6 bxa6 29. bxa6 f4 30. Rb7+ Ka8 31. Rcc7 Nf5 32. Rxg7 Nxg7 33. Nd5 Ne6 34. Bd2 f3 35. Rf7 Nxd4 36. Nc3 h4 37. Be3 h3 38. Kh2 Ne5 39. Rg7 Ne2 40. Rxa7+ Kb8 41. Rb7+ Kc8 42. Nxe2 fxe2 43. Rb1 Nf3+ 44. Kg3 g1Q+ 45. Rxg1 Nxg1 46. a7 Kb7 0-1

[Event "POR-ch U14"]
[Site "Luso"]
[Date "2014.07.24"]
[Round "3"]
[White "Raimundo, Ines Santos"]
[Black "Fonseca, Eurico Santos"]
[Result "0-1"]
[WhiteElo "1271"]
[BlackElo "1466"]
[PlyCount "106"]
[EventDate "2014.07.23"]
[EventType "swiss"]
[EventRounds "7"]
[EventCountry "POR"]
[SourceTitle "EXT 2015"]
[Source "ChessBase"]
[SourceDate "2014.11.20"]
[SourceVersion "1"]
[SourceVersionDate "2014.11.20"]
[SourceQuality "1"]

1. d4 Nf6 2. c4 e6 3. Nc3 d5 4. Bg5 Be7 5. e3 c6 6. Nf3 Nbd7 7. Bd3 Qc7 8. c5 e5 9. dxe5 Nxe5 10. Nxe5 Qxe5 11. Bf4 Qe6 12. b4 d4 13. Ne2 dxe3 14. Bxe3 Nd5 15. Qd2 Nxe3 16. Qxe3 Qxe3 17. fxe3 0-0 18. a3 Rd8 19. Bc2 Bf6 20. Rc1 Bb2 21. Rb1 Bxa3 22. Rb3 Bxb4+ 23. Rxb4 Re8 24. Rb3 Re5 25. Rc3 a5 26. 0-0 Bg4 27. Nd4 Rae8 28. Re1 g6 29. Bb3 Kg7 30. h3 Bd7 31. Nf3 Re4 32. Ng5 Rb4 33. Nxf7 a4 34. Ba2 Be6 35. Bxe6 Rxe6 36. Nd6 b6 37. Nb7 b5 38. Na5 Rb2 39. Rd1 Rf6 40. Rd6 Rff2 41. Rxc6 Rxg2+ 42. Kh1 Rgd2 43. Rc1 a3 44. Rd6 Rdc2 45. Rxc2 Rxc2 46. Rd3 a2 47. Ra3 Rc1+ 48. Kg2 a1Q 49. Rxa1 Rxa1 50. Nb7 Rc1 51. e4 b4 52. e5 b3 53. e6 Kf6 0-1

[Event "Gaia Profigaia op 7th"]
[Site "Vila Nova de Gaia"]
[Date "2014.06.29"]
[Round "4"]
[White "Goncalves, Vicente Barbedo"]
[Black "Fonseca, Eurico Santos"]
[Result "0-1"]
[WhiteElo "1654"]
[BlackElo "1466"]
[PlyCount "136"]
[EventDate "2014.06.28"]
[EventType "swiss"]
[EventRounds "9"]
[EventCountry "POR"]
[SourceTitle "CBM 161 Extra"]
[Source "ChessBase"]
[SourceDate "2014.08.29"]
[SourceVersion "1"]
[SourceVersionDate "2014.08.29"]
[SourceQuality "1"]

1. e4 d5 2. exd5 Nf6 3. d4 Nxd5 4. Bd3 Nc6 5. c3 e6 6. Nf3 Be7 7. 0-0 0-0 8. Re1 b6 9. Nbd2 Bb7 10. Nf1 Re8 11. Ne3 Bd6 12. Qc2 h6 13. Ng4 Nf6 14. Nge5 Ne7 15. Bf4 Bxf3 16. gxf3 Nh5 17. Bd2 c5 18. Bh7+ Kf8 19. Qe4 Nf6 20. Qd3 Qc7 21. Ng4 Nxg4 22. fxg4 Bxh2+ 23. Kg2 Bf4 24. Be4 Rad8 25. Rad1 Bxd2 26. Rxd2 Nd5 27. Bxd5 Rxd5 28. Re4 Red8 29. Qf3 Kg8 30. Qe3 cxd4 31. Rexd4 Rxd4 32. Rxd4 Rxd4 33. Qxd4 f6 34. Qe4 Kf7 35. Qa4 Qb7+ 36. Kf1 a5 37. Ke2 Qd5 38. Ke3 f5 39. gxf5 exf5 40. Qf4 Qc5+ 41. Kd3 Ke6 42. Kc2 Qd5 43. f3 Qc5 44. Qd2 Qd6 45. Qe2+ Kf6 46. Qe8 Qe6 47. Qd8+ Kg6 48. Qd3 Kh7 49. b3 Qg6 50. Kd2 h5 51. Qd4 Qf6 52. Qf4 Qh6 53. Ke3 Qxf4+ 54. Kxf4 Kg6 55. Kg3 Kf6 56. Kh4 g6 57. f4 Ke6 58. Kg5 Kd5 59. Kxg6 h4 60. Kxf5 h3 61. Kg6 h2 62. f5 h1Q 63. f6 Ke6 64. f7 Qg1+ 65. Kh5 Kxf7 66. c4 Kf6 67. Kh4 Kf5 68. Kh3 Kf4 0-1

[Event "Gaia Profigaia op 7th"]
[Site "Vila Nova de Gaia"]
[Date "2014.06.28"]
[Round "2"]
[White "Paiva, Henrique MA Alberg"]
[Black "Fonseca, Eurico Santos"]
[Result "1-0"]
[WhiteElo "1696"]
[BlackElo "1466"]
[PlyCount "35"]
[EventDate "2014.06.28"]
[EventType "swiss"]
[EventRounds "9"]
[EventCountry "POR"]
[SourceTitle "CBM 161 Extra"]
[Source "ChessBase"]
[SourceDate "2014.08.29"]
[SourceVersion "1"]
[SourceVersionDate "2014.08.29"]
[SourceQuality "1"]

1. e4 d5 2. exd5 Nf6 3. d4 Nxd5 4. c4 Nb6 5. Nc3 Nc6 6. Be3 g6 7. d5 Ne5 8. c5 Nbd7 9. f4 Bh6 10. Qe2 Nf6 11. fxe5 Bxe3 12. exf6 Bxc5 13. Qb5+ Qd7 14. Qxc5 exf6 15. 0-0-0 Kd8 16. Bb5 c6 17. dxc6 Qxd1+ 18. Kxd1 1-0

[Event "Coimbra op"]
[Site "Coimbra"]
[Date "2014.04.24"]
[Round "1"]
[White "Fonseca, Eurico Santos"]
[Black "Pintor, Simao Maciel Abranc"]
[Result "0-1"]
[WhiteElo "1453"]
[BlackElo "1957"]
[PlyCount "92"]
[EventDate "2014.04.25"]
[EventType "swiss"]
[EventRounds "7"]
[EventCountry "POR"]
[SourceTitle "CBM 160 Extra"]
[Source "ChessBase"]
[SourceDate "2014.07.01"]
[SourceVersion "1"]
[SourceVersionDate "2014.07.01"]
[SourceQuality "1"]

1. e4 c5 2. Nf3 Nc6 3. d4 cxd4 4. Nxd4 g6 5. Be3 Nf6 6. Nc3 Bg7 7. Bb5 0-0 8. 0-0 Ne5 9. Bf4 d6 10. Bxe5 dxe5 11. Nf3 Qb6 12. Rb1 Nxe4 13. Nd5 Qxb5 14. Nc7 Qc5 15. Nxa8 Be6 16. b4 Qc6 17. Rb2 Rxa8 18. Re1 Nc3 19. Qd2 e4 20. Nd4 Qd6 21. Qxc3 Bxd4 22. Qa3 Bxb2 23. Qxb2 Qd2 24. Qb1 Rc8 25. c4 Rxc4 26. Qd1 Rc2 27. Qxd2 Rxd2 28. h3 Rxa2 29. Rxe4 Ra4 30. Rd4 Kg7 31. f3 a5 32. Re4 Rxb4 33. Re3 a4 34. Ra3 b5 35. Kf2 Rb3 36. Ra1 a3 37. Ke1 a2 38. Rxa2 Rb1+ 39. Kd2 Bxa2 40. g4 b4 41. f4 b3 42. h4 Rg1 43. f5 b2 44. h5 b1Q 45. h6+ Kg8 46. fxg6 Qc1+ 0-1